[Event "USCL Week 5"]
[Site "Internet Chess Club"]
[Date "2012.10.01"]
[Round "?"]
[White "Fisher, William"]
[Black "Gulamali, Kazim"]
[Result "0-1"]
[WhiteElo "2445"]
[BlackElo "2443"]
[PlyCount "60"]
[EventDate "2012.??.??"]

1. Nf3 e6 2. c4 f5 3. b3 Nf6 4. Bb2 d5 5. e3 Be7 6. Be2 O-O 7. O-O c5 8. d3 Nc6
9. Nbd2 d4 10. exd4 cxd4 11. a3 a5 12. Qc2 e5 13. Rfe1 Nd7 14. Bf1 b6 15. g3
Bb7 16. Bg2 Bf6 17. Kh1 Nc5 18. Rad1 Qd7 19. Kg1 Rae8 20. Bh3 g5 21. Bg2 h6 22.
h4 gxh4 23. Nxh4 Bxh4 24. gxh4 Kh7 25. Nf1 Rg8 26. f3 Re6 27. Rd2 Reg6 28. Bc1
e4 29. h5 R6g7 30. fxe4 Ne5 0-1

[Event "USCL Week 5"]
[Site "Internet Chess Club"]
[Date "2012.10.01"]
[Round "?"]
[White "Kacheishvili, Giorgi"]
[Black "Hess, Robert"]
[Result "1/2-1/2"]
[WhiteElo "2697"]
[BlackElo "2719"]
[PlyCount "58"]
[EventDate "2012.??.??"]

1. Nf3 d5 2. d4 Nf6 3. c4 e6 4. e3 Be7 5. Nc3 O-O 6. b3 c5 7. dxc5 dxc4 8. Qxd8
Rxd8 9. Bxc4 Bxc5 10. O-O a6 11. Bb2 b5 12. Be2 Bb7 13. Rfc1 Bf8 14. Kf1 Nc6
15. Rd1 Rxd1+ 16. Rxd1 Rd8 17. Rxd8 Nxd8 18. a4 bxa4 19. Nxa4 Ne4 20. Bd3 Bb4
21. Ke2 a5 22. Nd4 Nc5 23. Nxc5 Bxc5 24. f3 Nc6 25. Be4 Ba6+ 26. Bd3 Bb7 27.
Be4 Ba6+ 28. Bd3 Bb7 29. Be4 Ba6+ 1/2-1/2

[Event "USCL Week 5"]
[Site "Internet Chess Club"]
[Date "2012.10.01"]
[Round "?"]
[White "Colas, Joshua"]
[Black "Checa, Nicolas"]
[Result "1-0"]
[WhiteElo "2376"]
[BlackElo "2052"]
[PlyCount "93"]
[EventDate "2012.??.??"]

1. d4 d5 2. c4 c6 3. Nc3 Nf6 4. e3 a6 5. Nf3 b5 6. b3 Bg4 7. Be2 Bxf3 8. Bxf3
e6 9. O-O Nbd7 10. a3 Bd6 11. g3 Qc7 12. Bg2 h5 13. c5 Be7 14. e4 dxe4 15. Bxe4
Nxe4 16. Nxe4 Nf6 17. Bf4 Qd7 18. Nd6+ Bxd6 19. Bxd6 Ne4 20. Be5 f6 21. Qc2 Ng5
22. Bd6 Nf7 23. Qg6 O-O-O 24. a4 Nxd6 25. cxd6 Kb7 26. h4 Rh6 27. Qe4 Qxd6 28.
axb5 axb5 29. Rfc1 f5 30. Qf3 Qd5 31. Qc3 Rhh8 32. Qa5 Ra8 33. Qb4 Rxa1 34.
Qe7+ Kb8 35. Rxa1 Qxd4 36. Ra6 Qd1+ 37. Kh2 Qd4 38. Kg1 Qd1+ 39. Kg2 Qd5+ 40.
f3 Qd2+ 41. Kh3 Qc1 42. Qa7+ Kc8 43. Ra1 Qh6 44. Rd1 g5 45. Rd7 g4+ 46. Kh2 Qe3
47. Qb7# 1-0

[Event "USCL Week 5"]
[Site "Internet Chess Club"]
[Date "2012.10.01"]
[Round "?"]
[White "Daly, Troy"]
[Black "Krasik, Ilya"]
[Result "0-1"]
[WhiteElo "2238"]
[BlackElo "2246"]
[PlyCount "42"]
[EventDate "2012.??.??"]

1. e4 c5 2. c4 Nc6 3. Ne2 Nf6 4. Nbc3 e6 5. d4 cxd4 6. Nxd4 Bb4 7. Nxc6 bxc6 8.
Bd3 e5 9. O-O Bc5 10. Rb1 d6 11. Bc2 Be6 12. Ba4 O-O 13. Qd3 Rc8 14. Ne2 d5 15.
b4 Bb6 16. c5 Bc7 17. Bxc6 Nxe4 18. Bb2 Qh4 19. Nc3 Nf6 20. g3 Qh3 21. Rbd1 Ng4
0-1

[Event "USCL Week 5"]
[Site "Internet Chess Club"]
[Date "2012.10.01"]
[Round "?"]
[White "Vilenchuk, Michael"]
[Black "Gorman, Dov"]
[Result "0-1"]
[WhiteElo "2306"]
[BlackElo "2327"]
[PlyCount "82"]
[EventDate "2012.??.??"]

1. e4 c5 2. Nf3 d6 3. d4 cxd4 4. Nxd4 Nf6 5. Nc3 e6 6. Be2 a6 7. O-O Qc7 8. a4
b6 9. f4 Bb7 10. Bf3 Nbd7 11. Kh1 Be7 12. Qe1 O-O 13. Be3 Rfe8 14. Qg3 Nc5 15.
f5 e5 16. Nde2 Ncxe4 17. Bxe4 Nxe4 18. Nxe4 Bxe4 19. Nc3 Qc4 20. Rae1 Bh4 21.
Qg4 Bd5 22. Qd1 Bxe1 23. Rxe1 Bc6 24. Bxb6 Qb4 25. a5 Qxb2 26. Qd2 Qb4 27. f6
Re6 28. Rb1 Qf4 29. Qd3 Rxf6 30. Nd5 Bxd5 31. Qxd5 Rc8 32. Bg1 h5 33. Rb6 Rxc2
34. Qd3 Qf5 35. Qxa6 Qf1 36. Qa8+ Kh7 37. Qe4+ Qf5 38. Qe1 Rxg2 39. Rb3 Rfg6
40. Bb6 Rb2 41. Rc3 Rb1 0-1

[Event "USCL Week 5"]
[Site "Internet Chess Club"]
[Date "2012.10.01"]
[Round "?"]
[White "Williams, Justus"]
[Black "Harris, Ian"]
[Result "1-0"]
[WhiteElo "2331"]
[BlackElo "2342"]
[PlyCount "101"]
[EventDate "2012.??.??"]

1. Nf3 g6 2. d4 Bg7 3. e4 c5 4. d5 d6 5. h3 e5 6. dxe6 fxe6 7. Nc3 Ne7 8. Nb5
d5 9. Bf4 O-O 10. Bc7 Qd7 11. Bh2 Nbc6 12. c3 a6 13. Nd6 b5 14. Be2 b4 15. Rc1
bxc3 16. bxc3 a5 17. Bb5 Ba6 18. a4 Bxb5 19. axb5 Nd8 20. c4 Nb7 21. Nxb7 Qxb7
22. Ng5 Bd4 23. O-O dxc4 24. Nxe6 Qxb5 25. Nxf8 Rxf8 26. Bd6 Re8 27. Qg4 Nc8
28. Bg3 a4 29. Qe2 a3 30. h4 Nb6 31. h5 Qc6 32. e5 gxh5 33. Qxh5 Qg6 34. Qf3 a2
35. Rfe1 c3 36. Re4 h5 37. Rh4 c2 38. Qb3+ Kg7 39. Qxa2 Qxg3 40. Qa7+ Kg8 41.
Rxd4 Qxe5 42. Rd3 Qe1+ 43. Kh2 Qe5+ 44. Rg3+ Kf8 45. Qxb6 h4 46. Qh6+ Kf7 47.
Qg6+ Kf8 48. Qg8+ Ke7 49. Qg5+ Kd6 50. Qxe5+ Rxe5 51. Rc3 1-0

[Event "USCL Week 5"]
[Site "Internet Chess Club"]
[Date "2012.10.01"]
[Round "?"]
[White "Balakrishnan, Praveen"]
[Black "Smith, Shaun"]
[Result "0-1"]
[WhiteElo "2097"]
[BlackElo "2066"]
[PlyCount "170"]
[EventDate "2012.??.??"]

1. e4 c5 2. Nf3 d6 3. d3 Nc6 4. g3 g6 5. Bg2 Bg7 6. O-O e5 7. c3 Nge7 8. a3 O-O
9. b4 b6 10. Bb2 a5 11. b5 Na7 12. a4 Bb7 13. Re1 Qc7 14. Na3 d5 15. exd5 Bxd5
16. c4 Bxf3 17. Qxf3 Rae8 18. Qe2 Nf5 19. Nc2 Qd8 20. Be4 Nd4 21. Nxd4 exd4 22.
Qf3 f5 23. Bd5+ Kh8 24. Rad1 Re7 25. Bc1 Rfe8 26. Rxe7 Qxe7 27. Kf1 Qf6 28. Bf4
g5 29. Qh5 Qg6 30. Qxg6 hxg6 31. Bxg5 Kh7 32. Re1 Rxe1+ 33. Kxe1 Nc8 34. Bd8
Bf8 35. Be6 Be7 36. Bxe7 Nxe7 37. h4 Kg7 38. Ke2 Kf6 39. Bd7 Ke5 40. Kf3 Ng8
41. Be8 Kf6 42. Kf4 Ne7 43. f3 Nc8 44. g4 Nd6 45. Bc6 Nf7 46. Bd5 g5+ 47. hxg5+
Nxg5 48. gxf5 Nh3+ 49. Kg3 Ng1 50. Kf2 Nh3+ 51. Kg3 Ng1 52. Kf2 Nh3+ 53. Kf1
Kxf5 54. Bb7 Kf4 55. Kg2 Ng5 56. Bd5 Ke3 57. Be4 Kf4 58. Kf2 Nh3+ 59. Kg2 Ng5
60. Bd5 Ke3 61. Be4 Ne6 62. Kg3 Nf4 63. Bf5 Nxd3 64. Bxd3 Kxd3 65. f4 Kxc4 66.
f5 d3 67. f6 d2 68. f7 d1=Q 69. f8=Q Qd3+ 70. Kh4 Kb4 71. Qh6 Qd4+ 72. Kh3 c4
73. Qf8+ Kxa4 74. Qe8 c3 75. Qc6 Qd3+ 76. Kg4 Qxb5 77. Qc7 Kb3 78. Kf3 c2 79.
Qf7+ Kb2 80. Qg7+ Kb1 81. Qg1+ c1=Q 82. Qg6+ Qc2 83. Qg1+ Kb2 84. Qd4+ Qc3+ 85.
Qxc3+ Kxc3 0-1

[Event "USCL Week 5"]
[Site "Internet Chess Club"]
[Date "2012.10.01"]
[Round "?"]
[White "Pellows, Bennet"]
[Black "Zimmer, Ralph"]
[Result "1/2-1/2"]
[WhiteElo "2152"]
[BlackElo "2304"]
[PlyCount "84"]
[EventDate "2012.??.??"]

1. d4 f5 2. c4 Nf6 3. Nc3 g6 4. g3 Bg7 5. Bg2 d6 6. Nh3 O-O 7. Nf4 c6 8. d5 Qe8
9. O-O Na6 10. Be3 g5 11. Nh3 h6 12. f4 c5 13. fxg5 Ng4 14. gxh6 Nxe3 15. hxg7
Nxd1 16. gxf8=Q+ Qxf8 17. Raxd1 Qh6 18. Nf4 Nc7 19. e4 fxe4 20. Bxe4 Bg4 21.
Rde1 Rf8 22. Bf3 Bxf3 23. Rxf3 Qg7 24. Kg2 Rf7 25. Re4 Qh7 26. a4 Ne8 27. Ne6
Rxf3 28. Rg4+ Kh8 29. Kxf3 Qd3+ 30. Kg2 Nf6 31. Rg5 Qd2+ 32. Kh3 Qxb2 33. Nb5
Qc1 34. Nf4 Qf1+ 35. Kh4 Qxc4 36. Nc7 Qxa4 37. Nce6 Qe4 38. Kh3 Qh7+ 39. Kg2
Qc2+ 40. Kh3 Qh7+ 41. Kg2 Qc2+ 42. Kh3 Qh7+ 1/2-1/2

[Event "USCL Week 5"]
[Site "Internet Chess Club"]
[Date "2012.10.01"]
[Round "?"]
[White "Milman, Lev"]
[Black "Kapengut, Albert"]
[Result "1/2-1/2"]
[WhiteElo "2479"]
[BlackElo "2367"]
[PlyCount "105"]
[EventDate "2012.??.??"]

1. d4 Nf6 2. c4 c5 3. d5 e6 4. Nc3 exd5 5. cxd5 d6 6. Nf3 g6 7. Bf4 Bg7 8. Qa4+
Kf8 9. e4 Ne8 10. Rc1 Nd7 11. b4 Qe7 12. Bd3 h6 13. h3 g5 14. Be3 b6 15. Nb1
cxb4 16. Qxb4 Nc5 17. Bc2 Ba6 18. Qa3 Nc7 19. Nc3 Rg8 20. Nd4 Be5 21. Nc6 Qf6
22. Nxe5 Qxe5 23. Kd2 f5 24. f3 Rg7 25. Qb4 Rf7 26. Qd4 f4 27. Bf2 Re8 28. h4
Qxd4+ 29. Bxd4 g4 30. fxg4 f3 31. gxf3 Rxf3 32. g5 h5 33. Rce1 Nb5 34. Nxb5
Bxb5 35. Rh2 Bc4 36. Rf2 Rxf2+ 37. Bxf2 Bxa2 38. Bxc5 bxc5 39. Ra1 Bc4 40. Rxa7
Rb8 41. Rd7 Rb6 42. Bd1 Bb5 43. Ra7 Be8 44. Rh7 Bg6 45. Rc7 Bxe4 46. Bxh5 Bxd5
47. Bg6 Rb2+ 48. Ke3 Rb3+ 49. Kf4 Rb4+ 50. Kg3 Rb3+ 51. Kf4 Rb4+ 52. Kg3 Rb3+
53. Kf4 1/2-1/2

[Event "USCL Week 5"]
[Site "Internet Chess Club"]
[Date "2012.10.01"]
[Round "?"]
[White "Enkhbat, Tegshsuren"]
[Black "Ivanov, Alexander"]
[Result "1/2-1/2"]
[WhiteElo "2509"]
[BlackElo "2656"]
[PlyCount "108"]
[EventDate "2012.??.??"]

1. d4 Nf6 2. c4 e6 3. g3 Bb4+ 4. Bd2 Be7 5. Bg2 d5 6. Nf3 O-O 7. O-O c6 8. Qc2
Nbd7 9. Bf4 a5 10. Rd1 b5 11. Ne5 Bb7 12. c5 Nxe5 13. Bxe5 Nd7 14. Bf4 g5 15.
Bc1 f5 16. Nd2 Bf6 17. Nf3 Qe7 18. Be3 Kh8 19. Ne1 Qg7 20. f4 gxf4 21. gxf4 Rg8
22. Kh1 Bh4 23. Bf3 Qh6 24. Bg1 Bxe1 25. Rxe1 Qxf4 26. Qd3 Qh6 27. a3 a4 28.
Be3 f4 29. Bd2 Rg3 30. Rg1 Rh3 31. Rg2 Nf6 32. Qc2 Rf8 33. Rag1 Nh5 34. Bxh5
Rxh5 35. Qc3 Bc8 36. Qf3 e5 37. dxe5 Be6 38. Bc3 Rh3 39. Qf2 Qh4 40. Qxh4 Rxh4
41. Rd1 Rh3 42. Rf2 Re3 43. Rd4 Re4 44. Kg1 Kg7 45. Rg2+ Kf7 46. Kf2 Rxd4 47.
Bxd4 Bf5 48. Rg5 Be4 49. Rg4 Ke7 50. Rg7+ Rf7 51. Rxf7+ Kxf7 52. e3 f3 53. Kg3
Ke6 54. Bc3 Kf5 1/2-1/2

[Event "USCL Week 5"]
[Site "Internet Chess Club"]
[Date "2012.10.01"]
[Round "?"]
[White "Romanenko, Vladimir"]
[Black "Stripunsky, Alex"]
[Result "0-1"]
[WhiteElo "2513"]
[BlackElo "2673"]
[PlyCount "224"]
[EventDate "2012.??.??"]

1. e4 c6 2. d4 d5 3. Nc3 dxe4 4. Nxe4 Nd7 5. Nf3 Ngf6 6. Nxf6+ Nxf6 7. h3 Bf5
8. Bd3 Bxd3 9. Qxd3 e6 10. Bf4 Bd6 11. Bxd6 Qxd6 12. O-O O-O 13. Rad1 Rfd8 14.
a3 a5 15. Rfe1 a4 16. Ne5 Qc7 17. Qe2 Rd5 18. c3 Rad8 19. Rd3 c5 20. dxc5 Qxc5
21. Red1 h6 22. Ng4 Nxg4 23. Rxd5 Rxd5 24. Qxg4 b5 25. Rxd5 Qxd5 26. Qd4 Qb3
27. Qd8+ Kh7 28. Qd3+ f5 29. Qd2 Qc4 30. Qe3 Kg6 31. f4 Qe4 32. Qd2 Kh7 33. Kh2
e5 34. fxe5 Qxe5+ 35. g3 Qe4 36. Qf2 Qd3 37. Kg2 Qd5+ 38. Kh2 Qe4 39. Kg1 Qe6
40. Kh2 Kg6 41. Kg2 Qd6 42. Qe3 Kf6 43. h4 Qd5+ 44. Kf2 Kf7 45. Qa7+ Kg6 46.
Qe3 Kh7 47. Qe2 Qc5+ 48. Kg2 Qc4 49. Qf2 Qe4+ 50. Kh2 Qd5 51. Kg1 Qd3 52. Kg2
Kg6 53. Kh2 Kh5 54. Qg2 g5 55. hxg5 Kxg5 56. Qf2 Qe4 57. Qd2+ Kg4 58. Qd1+ Kg5
59. Qd8+ Kh5 60. Qd1+ Kg6 61. Qd6+ Kg5 62. Qd8+ Kg4 63. Qd1+ Qf3 64. Qd4+ Kh5
65. Qe5 Qf2+ 66. Kh3 Qf1+ 67. Kh2 Qf2+ 68. Kh3 Qf1+ 69. Kh2 Kg4 70. Qd4+ Kf3
71. Qf4+ Ke2 72. Qxh6 Kd3 73. Qd6+ Kc2 74. Qe5 Qf2+ 75. Kh3 Qf3 76. Kh2 Qd3 77.
Qf6 Kb1 78. Qe5 Qc2+ 79. Kg1 Qc1+ 80. Kh2 Qc2+ 81. Kg1 Qc1+ 82. Kh2 Qxb2+ 83.
Kh3 Ka2 84. Qxf5 Kxa3 85. Qc5+ Ka2 86. g4 Qe2 87. g5 a3 88. g6 Qe6+ 89. Kh4
Qxg6 90. Qxb5 Qf6+ 91. Kh5 Qf7+ 92. Kh6 Qb3 93. c4 Kb2 94. Qe5+ Qc3 95. Qb5+
Kc1 96. c5 a2 97. Qf1+ Kc2 98. Qf5+ Kb2 99. Qf2+ Ka3 100. Qe2 a1=Q 101. Qa6+
Kb3 102. Qb5+ Kc2 103. Qe2+ Qd2+ 104. Qxd2+ Kxd2 105. c6 Qf6+ 106. Kh7 Qxc6
107. Kg8 Ke3 108. Kg7 Kf4 109. Kg8 Kf5 110. Kf8 Kf6 111. Kg8 Qc7 112. Kh8 Qg7#
0-1

[Event "USCL Week 5"]
[Site "?"]
[Date "2012.10.03"]
[Round "?"]
[White "Rodriguez, Eric"]
[Black "Simpson, Ron"]
[Result "1-0"]
[WhiteElo "2383"]
[BlackElo "2288"]
[PlyCount "69"]
[EventDate "2012.??.??"]

1. d4 Nf6 2. c4 e6 3. Nf3 b6 4. g3 Ba6 5. Qc2 Bb7 6. Bg2 c5 7. d5 exd5 8. cxd5
Bxd5 9. Nc3 Bc6 10. O-O Qc7 11. e4 Be7 12. Nh4 O-O 13. Nf5 Re8 14. Bf4 Qd8 15.
Rad1 Bf8 16. Nd6 Re6 17. Bh3 Bxd6 18. Bxd6 Rxe4 19. Nxe4 Bxe4 20. Qc4 Nc6 21.
f3 Bg6 22. Rfe1 Qc8 23. Bg2 Bf5 24. b3 Be6 25. Qd3 a5 26. f4 Bg4 27. Rd2 g6 28.
Be5 Bf5 29. Qf3 Ng4 30. Ba1 Rb8 31. h3 Nh6 32. g4 Be6 33. f5 gxf5 34. Qf4 Nd4
35. Qg5+ 1-0

[Event "USCL Week 5"]
[Site "?"]
[Date "2012.10.03"]
[Round "?"]
[White "Jones, Craig"]
[Black "Recio, Miguel"]
[Result "1-0"]
[WhiteElo "2249"]
[BlackElo "2147"]
[PlyCount "71"]
[EventDate "2012.??.??"]

1. Nf3 Nf6 2. g3 g6 3. Bg2 Bg7 4. O-O O-O 5. d3 d6 6. e4 c5 7. Nc3 Nc6 8. h3
Rb8 9. a4 a6 10. Be3 Nd7 11. d4 cxd4 12. Nxd4 Nde5 13. b3 Qa5 14. Nd5 Re8 15.
Nf5 gxf5 16. Bb6 Qxb6 17. Nxb6 Be6 18. f4 Ng6 19. Nd5 Rbc8 20. exf5 Bxa1 21.
Qxa1 Bxf5 22. Ne3 Bd7 23. h4 Nb4 24. h5 Nf8 25. h6 f6 26. Bxb7 Nxc2 27. Nxc2
Rxc2 28. Bxa6 Be6 29. Qd1 Rc5 30. b4 Rd5 31. Qe2 Rd4 32. Bb5 Rc8 33. f5 Bd5 34.
Qxe7 Rg4 35. Qxd6 Bf7 36. Be2 1-0

[Event "USCL Week 5"]
[Site "?"]
[Date "2012.10.03"]
[Round "?"]
[White "Rosenthal, Nicholas"]
[Black "Mu, Joshua"]
[Result "1-0"]
[WhiteElo "2146"]
[BlackElo "2242"]
[PlyCount "45"]
[EventDate "2012.??.??"]

1. e4 Nf6 2. Nc3 Nc6 3. d4 d5 4. e5 Ne4 5. Nxe4 dxe4 6. c3 g6 7. Qe2 Qd5 8. g3
f5 9. exf6 exf6 10. Bg2 f5 11. f3 Qa5 12. b4 Bxb4 13. cxb4 Nxb4 14. fxe4 fxe4
15. Qxe4+ Kf7 16. Nf3 Re8 17. Ng5+ Kf8 18. Nxh7+ Kf7 19. Ng5+ Kf8 20. O-O+ Bf5
21. Qh4 Nc2 22. Qh7 Nxa1 23. Qf7# 1-0

[Event "USCL Week 5"]
[Site "?"]
[Date "2012.10.03"]
[Round "?"]
[White "Finegold, Ben"]
[Black "Cozianu, Costin"]
[Result "1-0"]
[WhiteElo "2568"]
[BlackElo "2508"]
[PlyCount "45"]
[EventDate "2012.??.??"]

1. d4 f5 2. Nf3 Nf6 3. Bg5 e6 4. Nbd2 d5 5. e3 Be7 6. Bd3 O-O 7. c4 c6 8. O-O
Bd7 9. Qb3 Qb6 10. Qc2 Be8 11. b4 Nbd7 12. cxd5 cxd5 13. Bf4 Bd6 14. Bxd6 Qxd6
15. Rfc1 Bh5 16. Qc7 Ne8 17. Qxb7 Rb8 18. Qxa7 Bxf3 19. Nxf3 Rxb4 20. a4 f4 21.
Bb5 Ndf6 22. Rc6 Qd8 23. Qc5 1-0

[Event "USCL Week 5"]
[Site "?"]
[Date "2012.10.03"]
[Round "?"]
[White "Mikhailuk, Slava"]
[Black "Kannappan, Priyadharshan"]
[Result "0-1"]
[WhiteElo "2415"]
[BlackElo "2457"]
[PlyCount "76"]
[EventDate "2012.??.??"]

1. c4 c5 2. Nc3 Nc6 3. Nf3 Nf6 4. g3 d5 5. cxd5 Nxd5 6. Bg2 Nc7 7. O-O e5 8. a3
f6 9. e3 Qd3 10. Nh4 Be6 11. f4 exf4 12. gxf4 O-O-O 13. f5 Bd5 14. Nxd5 Nxd5
15. Qf3 Ne5 16. Qe4 c4 17. b4 Qxe4 18. Bxe4 Nb6 19. d4 cxd3 20. Bb2 Nec4 21.
Bd4 Nd2 22. Bxd3 Nxf1 23. Bxf1 Kb8 24. Ra2 Bd6 25. Rg2 Rd7 26. Nf3 Rc8 27. Bd3
Nc4 28. Rc2 Rdc7 29. Ra2 Re8 30. Kf2 Ne5 31. Bb5 Ree7 32. Rd2 Rc8 33. Bxa7+
Kxa7 34. Rxd6 Ng4+ 35. Kg3 Nxe3 36. Kf4 Rc3 37. Bd7 Ng2+ 38. Kg3 Ne1 0-1

[Event "USCL Week 5"]
[Site "?"]
[Date "2012.10.03"]
[Round "?"]
[White "Bregadze, Levan"]
[Black "Collyer, Curt"]
[Result "1-0"]
[WhiteElo "2416"]
[BlackElo "2294"]
[PlyCount "43"]
[EventDate "2012.??.??"]

1. Nf3 b6 2. c4 Bb7 3. Nc3 e6 4. e4 Bb4 5. Qc2 Ne7 6. d4 O-O 7. Bd3 Bxc3+ 8.
bxc3 d6 9. O-O c5 10. Be3 Nbc6 11. d5 Na5 12. dxe6 f6 13. Nh4 Qc8 14. e5 dxe5
15. Bxh7+ Kh8 16. Ng6+ Nxg6 17. Qxg6 Qe8 18. Qf5 g5 19. Bg6 Qe7 20. Rad1 Bc6
21. Bf7 Be8 22. Bxe8 1-0

[Event "USCL Week 5"]
[Site "?"]
[Date "2012.10.03"]
[Round "?"]
[White "Sinanan, Joshua"]
[Black "Larson, Matthew"]
[Result "1-0"]
[WhiteElo "2263"]
[BlackElo "1918"]
[PlyCount "65"]
[EventDate "2012.??.??"]

1. d4 Nf6 2. c4 g6 3. g3 Bg7 4. Bg2 d5 5. cxd5 Nxd5 6. Nf3 Nb6 7. Nc3 Nc6 8. e3
O-O 9. O-O Re8 10. Re1 a5 11. Qe2 e5 12. Nxe5 Nxe5 13. dxe5 Bxe5 14. e4 Be6 15.
f4 Bxc3 16. bxc3 Bd5 17. Qf2 Bc6 18. Ba3 Nc4 19. Rad1 Qf6 20. Bc5 Rad8 21. Bd4
Qe6 22. f5 Qd6 23. g4 Ne5 24. Qf4 Nc4 25. Qh6 Qf8 26. Qh4 Qd6 27. Rd3 f6 28.
Rh3 Rd7 29. fxg6 Ne5 30. gxh7+ Kh8 31. Rf1 Re6 32. Qh6 Rg7 33. Qxg7+ 1-0

[Event "USCL Week 5"]
[Site "?"]
[Date "2012.10.03"]
[Round "?"]
[White "Sadorra, Julio"]
[Black "Khachiyan, Melikset"]
[Result "1/2-1/2"]
[WhiteElo "2598"]
[BlackElo "2628"]
[PlyCount "93"]
[EventDate "2012.??.??"]

1. d4 d5 2. c4 c6 3. Nf3 Nf6 4. Nc3 dxc4 5. e4 b5 6. e5 Nd5 7. a4 Nxc3 8. bxc3
e6 9. Be2 Be7 10. Nd2 a5 11. Ba3 b4 12. Bb2 O-O 13. O-O Nd7 14. Nxc4 Ba6 15.
Qc2 c5 16. Rfd1 Qc7 17. dxc5 b3 18. Qxb3 Bxc5 19. Qc2 Rad8 20. Ne3 Bxe2 21.
Qxe2 Nxe5 22. c4 Bxe3 23. Bxe5 Qxe5 24. Qxe3 Qxe3 25. fxe3 Rxd1+ 26. Rxd1 Rc8
27. Rb1 g6 28. Rb5 Rxc4 29. Rxa5 Rc2 30. Kf1 Kg7 31. h4 h5 32. Ra7 Kf6 33. a5
Ra2 34. a6 e5 35. g3 Kf5 36. Rxf7+ Ke4 37. Rf6 Kxe3 38. Rxg6 Kf3 39. Rf6+ Kxg3
40. Rf5 e4 41. Rxh5 Rxa6 42. Ke2 Kf4 43. Rd5 Rg6 44. Rg5 Rxg5 45. hxg5 Kxg5 46.
Ke3 Kf5 47. Ke2 1/2-1/2

[Event "USCL Week 5"]
[Site "?"]
[Date "2012.10.03"]
[Round "?"]
[White "Korba, Nicky"]
[Black "Guenther, Travis"]
[Result "1/2-1/2"]
[WhiteElo "2007"]
[BlackElo "1969"]
[PlyCount "73"]
[EventDate "2012.??.??"]

1. e4 c6 2. Nc3 d5 3. Nf3 Bg4 4. h3 Bxf3 5. Qxf3 e6 6. g3 Nf6 7. Bg2 Nbd7 8.
O-O dxe4 9. Nxe4 Nxe4 10. Qxe4 Nf6 11. Qe2 Bc5 12. c3 O-O 13. d4 Be7 14. Rd1
Qb6 15. c4 Rfe8 16. Be3 Qa5 17. a3 Rad8 18. Qc2 Rd7 19. b4 Qc7 20. Rd2 Red8 21.
Rad1 h6 22. Qb3 a6 23. a4 a5 24. b5 Bb4 25. Rd3 c5 26. dxc5 Bxc5 27. Bxc5 Qxc5
28. Rxd7 Rxd7 29. Rxd7 Nxd7 30. Bxb7 Nb6 31. Be4 Qxc4 32. Qxc4 Nxc4 33. Bc2 Kf8
34. Kf1 Ke7 35. Ke2 Kd6 36. Kd3 Kc5 37. Kc3 1/2-1/2

[Event "USCL Week 5"]
[Site "?"]
[Date "2012.10.03"]
[Round "?"]
[White "Viswanadha, Kesav"]
[Black "Mateer, Amanda"]
[Result "0-1"]
[WhiteElo "2181"]
[BlackElo "2144"]
[PlyCount "122"]
[EventDate "2012.??.??"]

1. e4 c5 2. Nf3 e6 3. c3 Nf6 4. e5 Nd5 5. d4 cxd4 6. cxd4 Nc6 7. Nc3 Nxc3 8.
bxc3 d6 9. exd6 Bxd6 10. Bd3 Bd7 11. O-O Qc7 12. Be3 Na5 13. Qe2 Bc6 14. h3 Bd5
15. Rac1 Nc4 16. Nd2 Rc8 17. Ne4 Ba3 18. Rc2 Qc6 19. Qg4 Bf8 20. Nd2 h5 21. Qg3
b5 22. Bxc4 Bxc4 23. Nxc4 Qxc4 24. Bd2 h4 25. Qe3 Be7 26. f4 g6 27. Rf3 Rh5 28.
Qf2 Rd5 29. Rb2 a5 30. Kh2 a4 31. Be1 Qc7 32. Kh1 Qc4 33. Qe3 Ba3 34. Re2 Be7
35. Qe4 b4 36. cxb4 Rxd4 37. Qe3 Rd1 38. Kh2 Bxb4 39. Bxh4 Bc5 40. Qe4 Bg1+ 41.
Kg3 Rd4 42. Qe5 Kd7 43. Qf6 Qxe2 44. Qxf7+ Kc6 45. Bf6 Rd3 46. Rxd3 Qxd3+ 47.
Kg4 Qe2+ 48. Kg3 Qd3+ 49. Kg4 Qf5+ 50. Kg3 Be3 51. Kh2 Qxf4+ 52. Kh1 Qf1+ 53.
Kh2 Bf4+ 54. g3 Qf2+ 55. Kh1 Qf3+ 56. Kg1 Qxg3+ 57. Kf1 Qxh3+ 58. Ke1 Qe3+ 59.
Kf1 Rb8 60. Qxg6 Qf3+ 61. Ke1 Qg3+ 0-1

[Event "USCL Week 5"]
[Site "?"]
[Date "2012.10.03"]
[Round "?"]
[White "Zilberstein, Dmitry"]
[Black "Altounian, Levon"]
[Result "0-1"]
[WhiteElo "2467"]
[BlackElo "2493"]
[PlyCount "144"]
[EventDate "2012.??.??"]

1. d4 e6 2. c4 Bb4+ 3. Bd2 Bxd2+ 4. Qxd2 f5 5. Nc3 Nf6 6. g3 O-O 7. Bg2 d6 8.
Nf3 Qe7 9. O-O c6 10. Rfe1 d5 11. Qd3 Ne4 12. Ne5 Nd7 13. Nxd7 Bxd7 14. f3 Nxc3
15. Qxc3 f4 16. e3 fxg3 17. hxg3 Be8 18. e4 dxc4 19. Qxc4 Rd8 20. Rad1 Bh5 21.
Rd3 c5 22. f4 g5 23. fxg5 cxd4 24. Rxd4 Rxd4 25. Qxd4 Qxg5 26. Qd6 e5 27. Qd3
Rd8 28. Qc3 Qd2 29. Rc1 Qxc3 30. Rxc3 Rd1+ 31. Kh2 Rd2 32. Rb3 Bd1 33. Ra3 Rxb2
34. Kg1 a6 35. Ra5 Kf7 36. Rxe5 Rxa2 37. Bh3 Bb3 38. Rc5 Rc2 39. Rf5+ Kg7 40.
Rg5+ Kh6 41. Rf5 Rc6 42. Kf2 Kg6 43. Re5 b5 44. Ke3 Kf6 45. Rh5 Kg6 46. Re5 Bf7
47. Kf4 b4 48. Re7 Rb6 49. e5 Bg8 50. Bf5+ Kh6 51. e6 b3 52. Re8 Kg7 53. e7 Bf7
54. Rd8 Rb4+ 55. Ke3 Kf6 56. Bxh7 Kxe7 57. Ra8 Rb6 58. Kd2 b2 59. Bb1 Kf6 60.
Kc3 Kg7 61. Rd8 a5 62. Rd2 Rb3+ 63. Kc2 a4 64. Rd7 Kf6 65. Rd6+ Kg5 66. Kd2 a3
67. Ra6 Rxg3 68. Ra5+ Kf6 69. Rf5+ Ke7 70. Rb5 Rg1 71. Rb7+ Kf6 72. Bc2 a2 0-1